| 000 | 00824nam a22002297a 4500 | ||
|---|---|---|---|
| 999 |
_c61793 _d61793 |
||
| 005 | 20240513141810.0 | ||
| 008 | 240513s2006 enk||||| |||| 00| 0 eng d | ||
| 020 | _a9780781762151x | ||
| 041 | _aeng | ||
| 080 | _a616.28 +616.89 S-12 | ||
| 100 |
_aSadock, Benjamin J. _98717 |
||
| 245 |
_aKaplan & Sadock's HandBook of Psychiatric Drug Treatment / _cBenjamin J. Sadock, Virginia A.Sadock, Sussman Norman. |
||
| 250 | _aFourth Edition | ||
| 264 |
_aPhiladelphia : _bLippincott Williams & Wilkins, _c2006. |
||
| 300 |
_a293 p.; _b22 cm. |
||
| 653 | _aფსიქიატრია | ||
| 653 | _aნარკომანია | ||
| 653 | _aმედიცინა | ||
| 700 |
_aSadock, Virginia A. _eავტორი _98718 |
||
| 700 |
_aSussman, Norman _eავტორი _922074 |
||
| 942 |
_2udc _cᲬᲘᲒᲜᲘ |
||